LIBRARY & INFORMATION CENTRE, KCAET, TAVANUR

ONLINE PUBLIC ACCESS CATALOGUE (OPAC)

Sasthriya Socialisathinte Ulpathiyum Thatwangalum / (Record no. 4627)

MARC details
000 -LEADER
fixed length control field 00290cam a2200109ua 4500
082 ## - DEWEY DECIMAL CLASSIFICATION NUMBER
Classification number 335
Item number MIN/SA
100 ## - MAIN ENTRY--AUTHOR NAME
Personal name Miniyev, L .
245 ## - TITLE STATEMENT
Title Sasthriya Socialisathinte Ulpathiyum Thatwangalum /
260 ## - PUBLICATION, DISTRIBUTION, ETC. (IMPRINT)
Place of publication Eranakulam :
Name of publisher Prabhath Book House ,
Year of publication 1967.
300 ## - PHYSICAL DESCRIPTION
Number of Pages 192 ; .
942 ## - ADDED ENTRY ELEMENTS (KOHA)
Koha item type Books
Holdings
Withdrawn status Lost status Damaged status Home library Current library Date acquired Full call number Accession Number Koha item type
Withdrawn     KAUAET Malayalam University 07/04/2012 335 11226 Books
free website counter